Transformée de Laplace - Statistiques

Statistiques générales
  • Ce quiz a été pris 13 fois
  • Le résultat moyen est 5 sur 16
Statistiques - réponses
Hint Réponse % Correct
67%
56%
44%
44%
44%
33%
33%
Impulsion de Dirac
22%
22%
22%
22%
22%
11%
11%
11%
Échelon unité
0%
Aucun quiz correspondant
Distribution des résultats
% des personnes avec chaque résultat
Percentile par nombre de réponses
Votre historique - résultats
Vous n’avez pas pris ce quiz